[Event "NOR-chT 1314"]
[Site "Norway"]
[Date "2014.01.10"]
[Round "4.2"]
[White "Thorstensen, Trond"]
[Black "Kvisla, Johannes Luangtep"]
[Result "0-1"]
[WhiteElo "2226"]
[BlackElo "2154"]
[PlyCount "54"]
[EventDate "2013.11.01"]
[EventType "team-tourn"]
[EventRounds "9"]
[EventCountry "NOR"]
[SourceTitle "EXT 2015"]
[Source "ChessBase"]
[SourceDate "2014.11.20"]
[SourceVersion "1"]
[SourceVersionDate "2014.11.20"]
[SourceQuality "1"]
[WhiteTeam "Akademisk"]
[BlackTeam "Oslo SK 1911"]
[WhiteTeamCountry "NOR"]
[BlackTeamCountry "NOR"]

1. d4 Nf6 2. c4 e5 3. dxe5 Ng4 4. Bf4 Nc6 5. Nf3 Bb4+ 6. Nc3 Bxc3+ 7. bxc3 Qe7 8. Qd5 f6 9. exf6 Nxf6 10. Qd3 d6 11. e3 0-0 12. Be2 Ne4 13. 0-0 Bf5 14. Qd5+ Kh8 15. Rac1 Nc5 16. Nd4 Bd7 17. Rfe1 Ne5 18. Bxe5 dxe5 19. Nb3 Nxb3 20. axb3 Bc6 21. Qd2 Rad8 22. Qc2 Bxg2 23. Kxg2 Qg5+ 24. Kh1 Rxf2 25. Rg1 Qxe3 26. Rg2 Rxg2 27. Kxg2 Rd2 0-1

[Event "NOR-chT 1112"]
[Site "Norway"]
[Date "2011.11.04"]
[Round "6"]
[White "Tari, Aryan"]
[Black "Thorstensen, Trond"]
[Result "1-0"]
[WhiteElo "2227"]
[BlackElo "2234"]
[PlyCount "115"]
[EventDate "2011.11.04"]
[EventType "team-tourn"]
[EventRounds "9"]
[EventCountry "NOR"]
[SourceTitle "EXT 2013"]
[Source "ChessBase"]
[SourceDate "2012.11.22"]
[SourceVersion "1"]
[SourceVersionDate "2012.11.22"]
[SourceQuality "1"]
[WhiteTeam "Asker"]
[BlackTeam "Oslo Akademisk"]
[WhiteTeamCountry "NOR"]
[BlackTeamCountry "NOR"]

1. e4 e6 2. d4 d5 3. Nc3 dxe4 4. Nxe4 Be7 5. Nf3 Nf6 6. Bd3 Nxe4 7. Bxe4 Nd7 8. 0-0 c5 9. c3 0-0 10. Bc2 cxd4 11. Nxd4 Bf6 12. Nb5 Ne5 13. Qe2 Bd7 14. Rd1 Qb6 15. Nd6 Bc6 16. Be3 Qc7 17. Bf4 Ng6 18. Bg3 e5 19. Bxg6 hxg6 20. Bxe5 Bxe5 21. Qxe5 Rfe8 22. Qg3 Re2 23. b4 Ba4 24. Rd4 Qe7 25. h3 b5 26. Qf3 Rf8 27. Ne4 Rb2 28. Nc5 Re8 29. Re4 Qd8 30. Rxe8+ Qxe8 31. Kf1 Qd8 32. Qe3 Qd5 33. Qe8+ Kh7 34. Qe4 Qxe4 35. Nxe4 f6 36. a3 Rc2 37. Rd1 Ra2 38. Rd7 Kh6 39. g4 Bc2 40. Nd6 Kg5 41. Nxb5 Be4 42. Ke1 a6 43. Nd4 Kh4 44. Re7 f5 45. Rxg7 Kxh3 46. Rxg6 Rxa3 47. gxf5 Rxc3 48. Rxa6 Rc4 49. Rd6 Rxb4 50. Ke2 Bb1 51. Kf3 Kh4 52. Kf4 Kh3 53. Kg5 Kg2 54. f6 Ba2 55. Ne6 Rb7 56. f4 Bb1 57. f5 Rb5 58. Rd5 1-0

[Event "NOR-chT 0910"]
[Site "Norway"]
[Date "2010.04.09"]
[Round "7"]
[White "Thorstensen, Trond"]
[Black "Harestad, Hans Krogh"]
[Result "1/2-1/2"]
[WhiteElo "2259"]
[BlackElo "2239"]
[PlyCount "26"]
[EventDate "2009.11.06"]
[EventType "team"]
[EventRounds "9"]
[EventCountry "NOR"]
[SourceTitle "EXT 2011"]
[Source "ChessBase"]
[SourceDate "2010.11.26"]
[SourceVersion "1"]
[SourceVersionDate "2010.11.26"]
[SourceQuality "1"]
[WhiteTeam "Oslo Akademisk"]
[BlackTeam "SOSS"]
[WhiteTeamCountry "NOR"]
[BlackTeamCountry "NOR"]

1. d4 Nf6 2. Nf3 g6 3. c4 Bg7 4. Nc3 0-0 5. g3 d6 6. Bg2 Nbd7 7. 0-0 e5 8. dxe5 dxe5 9. Qc2 c6 10. b4 a5 11. b5 Re8 12. bxc6 bxc6 13. Rb1 Nc5 1/2-1/2

[Event "NOR-chT 0910"]
[Site "Norway"]
[Date "2009.11.07"]
[Round "2"]
[White "Thorstensen, Trond"]
[Black "Bjerke, Silje"]
[Result "1-0"]
[WhiteElo "2259"]
[BlackElo "2218"]
[PlyCount "59"]
[EventDate "2009.11.06"]
[EventType "team"]
[EventRounds "9"]
[EventCountry "NOR"]
[SourceTitle "EXT 2011"]
[Source "ChessBase"]
[SourceDate "2010.11.26"]
[SourceVersion "1"]
[SourceVersionDate "2010.11.26"]
[SourceQuality "1"]
[WhiteTeam "Oslo Akademisk"]
[BlackTeam "Oslo SK 1911"]
[WhiteTeamCountry "NOR"]
[BlackTeamCountry "NOR"]

1. d4 Nf6 2. c4 g6 3. Nc3 d5 4. Qb3 dxc4 5. Qxc4 Bg7 6. Nf3 0-0 7. Bf4 c6 8. e4 Be6 9. Qd3 b5 10. Be2 Bc4 11. Qc2 Bxe2 12. Nxe2 Na6 13. 0-0 Rc8 14. a4 c5 15. axb5 cxd4 16. Qd3 Nc5 17. Qxd4 Qxd4 18. Nfxd4 Nfxe4 19. Rxa7 g5 20. Nf5 gxf4 21. Nxe7+ Kh8 22. Nxc8 Rxc8 23. b4 Nd3 24. b6 Nc3 25. Rfa1 Nxe2+ 26. Kf1 Bxa1 27. b7 Rc2 28. b8Q+ Kg7 29. Rxa1 Nc3 30. Qb6 1-0

[Event "NOR-chT 0910"]
[Site "Norway"]
[Date "2009.11.06"]
[Round "1"]
[White "Andersen, Oivind"]
[Black "Thorstensen, Trond"]
[Result "0-1"]
[WhiteElo "2212"]
[BlackElo "2259"]
[PlyCount "54"]
[EventDate "2009.11.06"]
[EventType "team"]
[EventRounds "9"]
[EventCountry "NOR"]
[SourceTitle "EXT 2011"]
[Source "ChessBase"]
[SourceDate "2010.11.26"]
[SourceVersion "1"]
[SourceVersionDate "2010.11.26"]
[SourceQuality "1"]
[WhiteTeam "Kristiansund"]
[BlackTeam "Oslo Akademisk"]
[WhiteTeamCountry "NOR"]
[BlackTeamCountry "NOR"]

1. d4 Nf6 2. Nf3 d5 3. c4 e6 4. g3 Be7 5. Bg2 0-0 6. 0-0 Nbd7 7. Qc2 c5 8. Rd1 Qb6 9. cxd5 Nxd5 10. Nc3 Nb4 11. Qb1 cxd4 12. Nxd4 e5 13. Nf5 Bc5 14. a3 Nc6 15. Nd5 Qb3 16. Be3 Bxe3 17. Ndxe3 Nf6 18. Bxc6 bxc6 19. Ne7+ Kh8 20. Nxc6 Qb5 21. Qc2 Bb7 22. Ne7 Be4 23. Qd2 a5 24. b4 g6 25. Qd6 Kg7 26. f3 Qxe2 27. N3d5 Ng4 0-1

[Event "NOR-chT 0809"]
[Site "Norway"]
[Date "2008.11.07"]
[Round "6"]
[White "Thorstensen, Trond"]
[Black "Trygstad, Kristian J"]
[Result "1/2-1/2"]
[WhiteElo "2175"]
[BlackElo "2319"]
[PlyCount "94"]
[EventDate "2008.11.07"]
[EventType "tourn"]
[EventRounds "11"]
[EventCountry "NOR"]
[SourceTitle "EXT 2010"]
[Source "ChessBase"]
[SourceDate "2010.11.25"]
[SourceVersion "1"]
[SourceVersionDate "2010.11.25"]
[SourceQuality "1"]

1. d4 f5 2. c4 e6 3. Nc3 Nf6 4. Nf3 Be7 5. Bf4 0-0 6. h3 b6 7. e3 Bb7 8. Qc2 Ne4 9. Bd3 Bb4 10. 0-0 Bxc3 11. bxc3 d6 12. Ne1 Nd7 13. f3 Nef6 14. Bh2 Qe7 15. Rb1 Rac8 16. e4 fxe4 17. fxe4 e5 18. Nf3 Nh5 19. c5 Nf4 20. cxd6 cxd6 21. Bxf4 Rxf4 22. Nd2 Rxf1+ 23. Rxf1 Nf6 24. Qb3+ Kh8 25. Qa3 Qc7 26. Nc4 Bxe4 27. Bxe4 Qxc4 28. Bf5 Qxc3 29. Qxd6 Re8 30. Bd7 Nxd7 31. Qxd7 Qxd4+ 32. Qxd4 exd4 33. Rf7 Rd8 34. Kf2 a6 35. Rb7 d3 36. Ke1 b5 37. Ra7 h5 38. Rxa6 Rd5 39. Ra5 Rg5 40. g4 hxg4 41. hxg4 Rxg4 42. Rxb5 Rg1+ 43. Kd2 Rg2+ 44. Kxd3 Rxa2 45. Ke3 Kh7 46. Kf3 Kh6 47. Kg3 Ra3+ 1/2-1/2

[Event "NOR-chT Ishav 0708"]
[Site "Oslo"]
[Date "2008.03.30"]
[Round "9.6"]
[White "Romsdal, Trond"]
[Black "Thorstensen, Trond"]
[Result "0-1"]
[WhiteElo "2066"]
[BlackElo "2152"]
[PlyCount "72"]
[EventDate "2007.11.09"]
[EventType "team-swiss"]
[EventRounds "9"]
[EventCountry "NOR"]
[SourceTitle "EXT 2010"]
[Source "ChessBase"]
[SourceDate "2010.11.25"]
[SourceVersion "1"]
[SourceVersionDate "2010.11.25"]
[SourceQuality "1"]

1. d4 d5 2. c4 e6 3. Nf3 Nf6 4. Nc3 Be7 5. Bg5 0-0 6. e3 Nbd7 7. Rc1 c6 8. Bd3 dxc4 9. Bxc4 c5 10. 0-0 cxd4 11. Nxd4 Nb6 12. Bb3 h6 13. Bh4 e5 14. Ndb5 Bd7 15. Bg3 a6 16. Na3 Bxa3 17. bxa3 Qe7 18. Qe2 Bc6 19. e4 Rad8 20. Qb2 Nbd7 21. Bd5 Nc5 22. Bxc6 bxc6 23. Qb4 Rd4 24. Qa5 Nfxe4 25. Nxe4 Nxe4 26. Rxc6 Nxg3 27. hxg3 e4 28. Re1 Rfd8 29. Rxa6 R8d5 30. Qc3 Rd1 31. Ra4 f5 32. Rxd1 Rxd1+ 33. Kh2 Kh7 34. Qc4 Qe8 35. g4 Qe5+ 36. g3 Qa1 0-1

[Event "NOR-chT Ishav 0708"]
[Site "Oslo"]
[Date "2008.01.12"]
[Round "5"]
[White "Zachariassen, Bjarne"]
[Black "Thorstensen, Trond"]
[Result "0-1"]
[WhiteElo "1956"]
[BlackElo "2152"]
[PlyCount "52"]
[EventDate "2007.11.09"]
[EventType "team-swiss"]
[EventRounds "9"]
[EventCountry "NOR"]
[SourceTitle "EXT 2010"]
[Source "ChessBase"]
[SourceDate "2010.11.25"]
[SourceVersion "1"]
[SourceVersionDate "2010.11.25"]
[SourceQuality "1"]

1. e4 e6 2. d4 d5 3. exd5 exd5 4. c4 Nf6 5. Nc3 c6 6. Nf3 Be7 7. Bd3 0-0 8. 0-0 dxc4 9. Bxc4 Bg4 10. Re1 Nbd7 11. h3 Bxf3 12. Qxf3 Nb6 13. Bb3 Re8 14. Bg5 Qxd4 15. Rad1 Qb4 16. Ne4 Nbd5 17. a3 Qa5 18. Bxd5 Nxd5 19. Bxe7 Rxe7 20. b4 Qc7 21. Qg4 Kf8 22. Qh4 h6 23. Nc5 Rae8 24. Rxe7 Qxe7 25. Qg3 b6 26. Nd3 Nc3 0-1

[Event "NOR-chT Ishav 0708"]
[Site "Oslo"]
[Date "2008.01.11"]
[Round "4"]
[White "Johansen, Terje"]
[Black "Thorstensen, Trond"]
[Result "1-0"]
[WhiteElo "2183"]
[BlackElo "2152"]
[PlyCount "55"]
[EventDate "2007.11.09"]
[EventType "team-swiss"]
[EventRounds "9"]
[EventCountry "NOR"]
[SourceTitle "EXT 2010"]
[Source "ChessBase"]
[SourceDate "2010.11.25"]
[SourceVersion "1"]
[SourceVersionDate "2010.11.25"]
[SourceQuality "1"]

1. d4 d5 2. c4 c6 3. Nc3 Nf6 4. Nf3 dxc4 5. a4 Bf5 6. Ne5 Nbd7 7. Nxc4 Nb6 8. Ne5 Nbd7 9. Qb3 Nxe5 10. dxe5 Nd5 11. Qxb7 Nxc3 12. bxc3 Rc8 13. Qxa7 Qd5 14. Qd4 Qa5 15. Be3 g5 16. e6 fxe6 17. Rd1 e5 18. Qc4 Bc2 19. Rc1 Bxa4 20. Bxg5 Rd8 21. e4 Rd4 22. Qe2 Bb5 23. Qh5+ Kd8 24. Bxb5 cxb5 25. 0-0 Rxe4 26. Rfd1+ Kc7 27. Qe8 Rc4 28. Qd8+ 1-0

[Event "NOR-chT Ishav 0708"]
[Site "Oslo"]
[Date "2007.11.11"]
[Round "3"]
[White "Thorstensen, Trond"]
[Black "Trygstad, Kristian J"]
[Result "1/2-1/2"]
[WhiteElo "2152"]
[BlackElo "2299"]
[PlyCount "71"]
[EventDate "2007.11.09"]
[EventType "team-swiss"]
[EventRounds "9"]
[EventCountry "NOR"]
[SourceTitle "EXT 2010"]
[Source "ChessBase"]
[SourceDate "2010.11.25"]
[SourceVersion "1"]
[SourceVersionDate "2010.11.25"]
[SourceQuality "1"]

1. d4 f5 2. c4 e6 3. Nc3 Nf6 4. Nf3 Be7 5. Qc2 0-0 6. e4 fxe4 7. Nxe4 Nxe4 8. Qxe4 Bb4+ 9. Bd2 Bxd2+ 10. Nxd2 d5 11. Qc2 Nc6 12. Nf3 dxc4 13. Qxc4 Qd6 14. Be2 b6 15. Rc1 Bb7 16. 0-0 Rf4 17. Rfd1 Raf8 18. b4 Nxb4 19. Qxc7 Qxc7 20. Rxc7 Bd5 21. Bc4 R4f7 22. Rxf7 Rxf7 23. Bxd5 exd5 24. a3 Nc2 25. Rd3 Rc7 26. Kf1 b5 27. Rb3 a6 28. Ke2 Rc4 29. Kd3 b4 30. axb4 Nxb4+ 31. Ke3 a5 32. Ne5 Rc1 33. Nd3 Rc4 34. Ne5 Rc1 35. Nd3 Rc4 36. Ne5 1/2-1/2

[Event "NOR-chT"]
[Site "Oslo"]
[Date "2006.06.11"]
[Round "5"]
[White "Gabrielsen, Stig"]
[Black "Thorstensen, Trond"]
[Result "1/2-1/2"]
[WhiteElo "2288"]
[BlackElo "2238"]
[PlyCount "123"]
[EventDate "2006.06.07"]
[EventType "team-tourn"]
[EventRounds "5"]
[EventCountry "NOR"]
[SourceTitle "CBM 112 Extra"]
[Source "ChessBase"]
[SourceDate "2006.07.14"]
[SourceVersion "1"]
[SourceVersionDate "2006.07.14"]
[SourceQuality "1"]

1. e4 e6 2. d4 d5 3. Nc3 dxe4 4. Nxe4 Bd7 5. Nf3 Bc6 6. Bd3 Nd7 7. 0-0 Ngf6 8. Ng3 Bd6 9. Qe2 Bxf3 10. Qxf3 c6 11. c4 0-0 12. Bc2 Re8 13. b3 Qc7 14. Bg5 c5 15. Rad1 cxd4 16. Rxd4 Be5 17. Rh4 Nf8 18. Nh5 Nxh5 19. Bxh7+ Nxh7 20. Qxh5 f6 21. Qxh7+ Kf7 22. Qh5+ Ke7 23. Bc1 Rh8 24. Ba3+ Bd6 25. Bxd6+ Qxd6 26. Qxh8 Rxh8 27. Rxh8 b6 28. a4 f5 29. Rh3 e5 30. Rc3 e4 31. c5 bxc5 32. Rfc1 Qd2 33. R3c2 Qf4 34. Rxc5 e3 35. fxe3 Qxe3+ 36. Kh1 f4 37. R5c3 Qd2 38. a5 g5 39. h3 a6 40. b4 Qb2 41. Re1+ Kf6 42. Rc6+ Kf7 43. Rc7+ Kf6 44. Rc6+ Kf7 45. Rf1 Qe2 46. Rf3 Ke7 47. Kh2 Kf7 48. Rb6 Qc4 49. b5 Qd4 50. bxa6 g4 51. hxg4 Qh8+ 52. Rh3 Qe5 53. Rh7+ Kg8 54. Rh5 Qe3 55. Rh3 Qe5 56. a7 f3+ 57. Rg3 Qh8+ 58. Kg1 Qd4+ 59. Kh1 Qa1+ 60. Kh2 Qh8+ 61. Kg1 Qd4+ 62. Kh2 1/2-1/2

[Event "NOR-chT"]
[Site "Oslo"]
[Date "2006.06.08"]
[Round "2"]
[White "Thorstensen, Trond"]
[Black "Sagafos, Magne"]
[Result "1/2-1/2"]
[WhiteElo "2238"]
[BlackElo "2271"]
[PlyCount "83"]
[EventDate "2006.06.07"]
[EventType "team-tourn"]
[EventRounds "5"]
[EventCountry "NOR"]
[SourceTitle "CBM 112 Extra"]
[Source "ChessBase"]
[SourceDate "2006.07.14"]
[SourceVersion "1"]
[SourceVersionDate "2006.07.14"]
[SourceQuality "1"]

1. Nf3 Nf6 2. c4 g6 3. Nc3 Bg7 4. g3 c5 5. Bg2 Nc6 6. b3 d5 7. cxd5 Nxd5 8. Bb2 Nc7 9. Qc1 b6 10. Ne4 0-0 11. Bxg7 Kxg7 12. Qb2+ f6 13. d3 e5 14. 0-0 Qe7 15. Rac1 Bb7 16. a3 Ne6 17. e3 Rad8 18. Rfd1 Kg8 19. Qc3 Rd7 20. Ned2 Rc8 21. Nc4 Qf7 22. Qe1 Rcd8 23. Qc3 b5 24. Nb2 b4 25. axb4 Nxb4 26. Ra1 Bc6 27. Ne1 Bxg2 28. Kxg2 Rd6 29. h4 Qb7+ 30. Kg1 R6d7 31. Qc4 Qd5 32. Qxd5 Nxd5 33. Ra6 Kf7 34. Rda1 Ra8 35. Nc2 Rb7 36. R1a3 Ndc7 37. R6a5 Rab8 38. Nc4 Rxb3 39. Rxa7 Rxa3 40. Rxa3 Rb1+ 41. Kg2 Rc1 42. Ra2 1/2-1/2

[Event "NOR-chT"]
[Site "Oslo"]
[Date "2006.06.07"]
[Round "1"]
[White "Trygstad, Kristian J"]
[Black "Thorstensen, Trond"]
[Result "0-1"]
[WhiteElo "2314"]
[BlackElo "2238"]
[PlyCount "72"]
[EventDate "2006.06.07"]
[EventType "team-tourn"]
[EventRounds "5"]
[EventCountry "NOR"]
[SourceTitle "CBM 112 Extra"]
[Source "ChessBase"]
[SourceDate "2006.07.14"]
[SourceVersion "1"]
[SourceVersionDate "2006.07.14"]
[SourceQuality "1"]

1. e4 e6 2. d4 d5 3. Nc3 dxe4 4. Nxe4 Bd7 5. Nf3 Bc6 6. Bd3 Nd7 7. 0-0 Ngf6 8. Ned2 Nb6 9. c3 Bd6 10. Re1 Bxf3 11. Qxf3 c6 12. Nf1 h6 13. Ng3 Be7 14. Nh5 Nxh5 15. Qxh5 Nd5 16. Qg4 Bf6 17. Bd2 h5 18. Qe4 Qd6 19. b4 a6 20. a4 g6 21. Rad1 0-0 22. Bc2 Kg7 23. Qf3 b5 24. Re4 Qe7 25. Rde1 Rh8 26. Bf4 a5 27. bxa5 Rxa5 28. axb5 cxb5 29. Bc1 Rc8 30. Bb2 b4 31. cxb4 Rxc2 32. bxa5 Rxb2 33. Ra1 Qa7 34. Qd1 Nc3 35. Qd3 Nxe4 36. Qxe4 Qxd4 0-1

[Event "NOR-chT fin"]
[Site "Oslo"]
[Date "2002.05.11"]
[Round "4"]
[White "Thorstensen, Trond"]
[Black "Gabrielsen, Trond"]
[Result "1/2-1/2"]
[WhiteElo "2225"]
[BlackElo "2220"]
[PlyCount "167"]
[EventDate "2002.05.08"]
[EventType "team-tourn"]
[EventRounds "5"]
[EventCountry "NOR"]
[SourceTitle "CBM 088 Extra"]
[Source "ChessBase"]
[SourceDate "2002.07.01"]
[SourceVersion "2"]
[SourceVersionDate "2002.07.01"]
[SourceQuality "1"]

1. d4 Nf6 2. Nf3 g6 3. c4 Bg7 4. Nc3 0-0 5. e4 d6 6. Be2 e5 7. 0-0 exd4 8. Nxd4 Re8 9. f3 Nc6 10. Be3 Nh5 11. Qd2 f5 12. Nxc6 bxc6 13. exf5 Qh4 14. Rad1 Bxf5 15. Bg5 Bd4+ 16. Qxd4 Qxg5 17. f4 Qh4 18. Qf2 Qxf2+ 19. Rxf2 Nf6 20. Bf3 Ne4 21. Nxe4 Bxe4 22. Rdd2 Bxf3 23. Rxf3 Re1+ 24. Kf2 Rc1 25. b3 Re8 26. Kg3 Kg7 27. f5 Re5 28. fxg6 Kxg6 29. h3 d5 30. Rdf2 Re6 31. Rf4 Rc3+ 32. Kh4 dxc4 33. bxc4 a5 34. Rg4+ Kh6 35. Rf5 Rg6 36. Rc5 Rc2 37. Rxg6+ hxg6 38. g4 Rxa2 39. g5+ Kg7 40. Rxc6 Rg2 41. Rxc7+ Kg8 42. c5 Rc2 43. Kg4 Rc4+ 44. Kf3 a4 45. c6 a3 46. Ra7 Rxc6 47. Rxa3 Rc4 48. Re3 Rh4 49. Kg3 Ra4 50. Rf3 Kg7 51. h4 Rb4 52. Rf4 Rb3+ 53. Kg4 Rb1 54. Rd4 Rf1 55. Rd7+ Kg8 56. Rd3 Kg7 57. Rf3 Rh1 58. Rf4 Rg1+ 59. Kf3 Rf1+ 60. Ke4 Ra1 61. Kd5 Ra5+ 62. Kc6 Ra6+ 63. Kb7 Ra1 64. Rc4 Rf1 65. Kc8 Rd1 66. Rc7+ Kf8 67. Rc6 Kg7 68. Rc4 Rd2 69. Kc7 Rd1 70. Kc6 Rd2 71. Kc5 Rd1 72. Rd4 Rc1+ 73. Kd6 Ra1 74. Ke7 Re1+ 75. Kd6 Re2 76. Rc4 Rd2+ 77. Ke5 Re2+ 78. Kd4 Re1 79. Rc7+ Kf8 80. Kd5 Re2 81. Rc4 Kg7 82. Re4 Rd2+ 83. Ke6 Ra2 84. Rd4 1/2-1/2